[Event "2014 Fort McMurray Open"]
[Site "Fort McMurray"]
[Date "2014.07.06"]
[Round "5.8"]
[White "Mugodo, Nigel"]
[Black "Burn, Johnny"]
[Result "0-1"]
[WhiteElo "704"]
[BlackElo "1598"]
[PlyCount "108"]
[EventDate "2014.07.05"]
[EventType "swiss"]
[EventRounds "5"]
[EventCountry "CAN"]

1. e4 e5 2. Nf3 Nc6 3. Nc3 Nf6 4. Nd5 d6 5. d3 Bg4 6. Bg5 Be7 7. Nxe7 Qxe7 8.
h3 Bh5 9. g4 Bg6 10. Nh4 O-O-O 11. a4 h6 12. Bxf6 Qxf6 13. Nxg6 fxg6 14. Qd2
Rhf8 15. b4 Nd4 16. Bg2 Qf4 17. Qxf4 Rxf4 18. Rc1 Rdf8 19. Rf1 Nf3+ 20. Bxf3
Rxf3 21. h4 Rh3 22. b5 Rxh4 23. f3 h5 24. g5 Rh3 25. a5 Rhxf3 26. Rxf3 Rxf3 27.
Ra1 Rg3 28. Kf2 Rxg5 29. a6 b6 30. Rg1 Rxg1 31. Kxg1 Kd7 32. c4 Ke6 33. Kg2 Kf6
34. Kf3 Kg5 35. Ke3 Kg4 36. d4 Kg3 37. dxe5 dxe5 38. Kd3 h4 39. c5 h3 40. cxb6
cxb6 41. Kc4 h2 42. Kd5 h1=Q 43. Kc6 Qxe4+ 44. Kc7 Qc4+ 45. Kb7 Qxb5 46. Kxa7
Qxa6+ 47. Kxa6 e4 48. Kxb6 e3 49. Kc6 e2 50. Kd6 e1=Q 51. Kd5 Kf4 52. Kd4 Qe4+
53. Kc5 Qd3 54. Kc6 Ke5 0-1

[Event "2014 Over 1800"]
[Site "Edmonton"]
[Date "2014.08.30"]
[Round "1"]
[White "Cheng, Louis"]
[Black "MacLeod, Damon"]
[Result "1-0"]
[WhiteElo "2093"]
[BlackElo "1992"]
[PlyCount "75"]
[EventDate "2014.08.30"]
[EventType "swiss"]
[EventRounds "5"]
[EventCountry "CAN"]

1. e4 e5 2. Nf3 Nc6 3. Bb5 Nf6 4. O-O Nxe4 5. d4 Nd6 6. Bxc6 dxc6 7. dxe5 Nf5
8. Qe2 Bc5 9. Bg5 Nd4 10. Nxd4 Qxg5 11. Nb3 Be7 12. Nc3 Bg4 13. f3 Be6 14. f4
Qf5 15. h3 h5 16. Rad1 Qg6 17. Qe3 b6 18. Qf3 O-O 19. f5 Qg5 20. fxe6 fxe6 21.
Qe4 Rad8 22. Rxd8 Rxd8 23. Re1 c5 24. Nb5 c4 25. Qxc4 Qg3 26. Qxe6+ Kh8 27. Rf1
Rf8 28. Rxf8+ Bxf8 29. Qf5 Kg8 30. Nxc7 Qe1+ 31. Kh2 h4 32. Qf4 Be7 33. Nd5 Bd8
34. Qe3 Qd1 35. Nd4 b5 36. e6 Ba5 37. e7 Bd2 38. e8=Q+ 1-0

[Event "2014 Over 1800"]
[Site "Edmonton"]
[Date "2014.08.30"]
[Round "1"]
[White "Miller, David"]
[Black "Briones, Dante"]
[Result "1-0"]
[WhiteElo "2261"]
[BlackElo "1982"]
[PlyCount "91"]
[EventDate "2014.08.30"]
[EventType "swiss"]
[EventRounds "5"]
[EventCountry "CAN"]

1. e4 e6 2. d4 d5 3. Nc3 Bb4 4. e5 c5 5. a3 Bxc3+ 6. bxc3 Qc7 7. Qg4 f5 8. Qg3
Nc6 9. Ne2 Nge7 10. Qxg7 Rg8 11. Qxh7 cxd4 12. Qh5+ Kd7 13. f4 dxc3 14. Qh3 a6
15. Qxc3 b5 16. h4 Bb7 17. h5 Rh8 18. Be3 Rh7 19. Nd4 Nxd4 20. Qxc7+ Kxc7 21.
Bxd4 Rg8 22. Kf2 Nc6 23. c3 Na5 24. a4 Nc4 25. axb5 axb5 26. Ra2 Rhg7 27. Rg1
Bc6 28. g3 Bb7 29. Be2 Kc6 30. Bf3 Kc7 31. Ke1 Rxg3 32. Rag2 Rxg2 33. Rxg2 Rh8
34. Rg7+ Kc6 35. Kf2 Bc8 36. Kg3 Bd7 37. Kh4 Be8 38. Be2 Nd2 39. Re7 Bd7 40.
Kg5 Rg8+ 41. Kf6 Ne4+ 42. Kf7 Rh8 43. Kg7 Rb8 44. h6 b4 45. cxb4 Rxb4 46. h7
1-0

[Event "2014 Over 1800"]
[Site "Edmonton"]
[Date "2014.08.30"]
[Round "1"]
[White "Young, Joseph"]
[Black "Zeggelaar, Mike"]
[Result "1/2-1/2"]
[WhiteElo "1817"]
[BlackElo "1992"]
[PlyCount "81"]
[EventDate "2014.08.30"]
[EventType "swiss"]
[EventRounds "5"]
[EventCountry "CAN"]

1. d4 Nf6 2. c4 c5 3. e3 g6 4. g3 d5 5. Bg2 Nc6 6. cxd5 Nxd5 7. Nc3 Nxc3 8.
bxc3 Bg7 9. Ne2 O-O 10. O-O Qa5 11. Qb3 Qa6 12. Nf4 e5 13. dxe5 Bxe5 14. Rb1
Rb8 15. a4 Bf5 16. e4 Bc8 17. Qd5 Bxc3 18. Qxc5 Bd4 19. Qa3 b5 20. Qd3 Qxa4 21.
Bb2 Rd8 22. Bxd4 Qxd4 23. Qc2 Nb4 24. Qb3 a5 25. Rfd1 Qb6 26. Rxd8+ Qxd8 27.
Rd1 Qc7 28. Qa3 Bb7 29. e5 Bxg2 30. Kxg2 Nc2 31. Qb2 Qc6+ 32. Kg1 h5 33. e6 Qe4
34. exf7+ Kh7 35. Qf6 Ne1 36. f8=Q Rxf8 37. Qxf8 Nf3+ 38. Kf1 Nxh2+ 39. Kg1
Nf3+ 40. Kf1 Nh2+ 41. Kg1 1/2-1/2

[Event "2014 Over 1800"]
[Site "Edmonton"]
[Date "2014.08.30"]
[Round "2"]
[White "Briones, Dante"]
[Black "Young, Joseph"]
[Result "0-1"]
[WhiteElo "1982"]
[BlackElo "1817"]
[PlyCount "72"]
[EventDate "2014.08.30"]
[EventType "swiss"]
[EventRounds "5"]
[EventCountry "CAN"]

1. e4 b6 2. d4 Bb7 3. Bd3 Nc6 4. Nf3 e6 5. O-O Nb4 6. Re1 Nxd3 7. Qxd3 Ne7 8.
c4 d6 9. Nc3 g6 10. Bf4 Bg7 11. Rad1 O-O 12. Qe3 a5 13. b3 c6 14. Rd3 d5 15.
cxd5 cxd5 16. e5 Nf5 17. Qc1 Ba6 18. Rdd1 Rc8 19. Qd2 Qd7 20. Na4 Qb5 21. Rc1
Ne7 22. h4 Nc6 23. Bh6 Nb4 24. Qg5 f6 25. exf6 Rxf6 26. Rxc8+ Bxc8 27. Rc1 Nc6
28. Bxg7 Kxg7 29. Ne5 Bb7 30. Ng4 Rf5 31. Qh6+ Kg8 32. h5 Qe2 33. f3 gxh5 34.
Ne5 Nxd4 35. Rc7 Qe1+ 36. Kh2 Qxe5+ 0-1

[Event "2014 Over 1800"]
[Site "Edmonton"]
[Date "2014.08.30"]
[Round "2"]
[White "MacLeod, Damon"]
[Black "Razzaq, Ali"]
[Result "1-0"]
[WhiteElo "1866"]
[BlackElo "1969"]
[PlyCount "129"]
[EventDate "2014.08.30"]
[EventType "swiss"]
[EventRounds "5"]
[EventCountry "CAN"]

1. e4 c6 2. d4 d5 3. e5 c5 4. c3 Nc6 5. Nf3 Bg4 6. Be2 e6 7. O-O cxd4 8. cxd4
Qb6 9. Be3 Qxb2 10. Nbd2 Qb6 11. Rb1 Qc7 12. Qa4 Nge7 13. Rfc1 Rc8 14. Rb3 Qa5
15. Bb5 Qxa4 16. Bxa4 Rc7 17. Rxb7 Rxb7 18. Rxc6 Kd8 19. Rd6+ Kc8 20. Ng5 Nf5
21. Rc6+ Kb8 22. Nb3 h6 23. Nxe6 fxe6 24. Rxe6 Ba3 25. Ra6 Be2 26. Ra5 Nxe3 27.
fxe3 Rf8 28. h3 Bc4 29. Bc6 Bb4 30. Bxb7 Kxb7 31. Ra4 Be1 32. Nc5+ Kc6 33. Rxa7
Bg3 34. Rc7+ Kxc7 35. Ne6+ Kd7 36. Nxf8+ Ke8 37. Ne6 g5 38. a4 Be1 39. Nc5 Ke7
40. g4 Ba5 41. Kf2 Bb6 42. Nb7 Ba6 43. Nd6 Ba5 44. Nf5+ Ke6 45. Nxh6 Bd3 46.
Ng8 Bc2 47. Nf6 Bxa4 48. e4 Bc6 49. Ke3 dxe4 50. Nxe4 Bxe4 51. Kxe4 Bd8 52. d5+
Kd7 53. Kf5 Be7 54. Kg6 Ke8 55. d6 Bf8 56. Kxg5 Kf7 57. Kf5 Bg7 58. g5 Bh8 59.
g6+ Ke8 60. Ke6 Bg7 61. d7+ Kd8 62. Kf7 Bxe5 63. g7 Bxg7 64. Kxg7 Kxd7 65. h4
1-0

[Event "2014 Over 1800"]
[Site "Edmonton"]
[Date "2014.08.30"]
[Round "2"]
[White "Pedersen, Rick"]
[Black "Cheng, Louis"]
[Result "0-1"]
[WhiteElo "1854"]
[BlackElo "2093"]
[PlyCount "98"]
[EventDate "2014.08.30"]
[EventType "swiss"]
[EventRounds "5"]
[EventCountry "CAN"]

1. e4 c5 2. Nf3 e6 3. c3 Nf6 4. e5 Nd5 5. d4 cxd4 6. Nxd4 Qc7 7. f4 a6 8. Bd3
d6 9. Qe2 dxe5 10. fxe5 Bc5 11. Bd2 Nd7 12. Nf3 b5 13. a4 b4 14. c4 Ne7 15. Bf4
Bb7 16. Nbd2 O-O-O 17. Bg3 Bb6 18. O-O-O Nc5 19. Bc2 Nc6 20. Ne4 Nxe4 21. Bxe4
Na5 22. Nd2 b3 23. Bxb7+ Kxb7 24. Kb1 Qc6 25. Qe4 Rd4 26. Qxc6+ Kxc6 27. Bf2
Rg4 28. c5 Bc7 29. Bg3 h5 30. Nf3 h4 31. Be1 Rd8 32. Bxh4 Rxd1+ 33. Rxd1 Rxg2
34. Nd4+ Kxc5 35. Be7+ Kb6 36. Bd6 Bd8 37. h3 Bg5 38. Nf3 Rg3 39. Nxg5 Rxg5 40.
Rc1 Nc6 41. Re1 Rg3 42. h4 Rh3 43. Bf8 g6 44. Rc1 Rxh4 45. Bd6 Re4 46. a5+ Nxa5
47. Bc7+ Kb5 48. Bd6 Nc4 49. Ka1 Nxd6 0-1

[Event "2014 Over 1800"]
[Site "Edmonton"]
[Date "2014.08.30"]
[Round "2"]
[White "Sequillion, Aaron"]
[Black "Miller, David"]
[Result "1-0"]
[WhiteElo "2184"]
[BlackElo "2261"]
[PlyCount "65"]
[EventDate "2014.08.30"]
[EventType "swiss"]
[EventRounds "5"]
[EventCountry "CAN"]

1. e4 e6 2. d4 d5 3. Nd2 c5 4. Ngf3 cxd4 5. exd5 Qxd5 6. Bc4 Qd8 7. Nb3 Bb4+ 8.
Bd2 Bd6 9. Nbxd4 a6 10. Qe2 Ne7 11. O-O-O Nbc6 12. Nxc6 Nxc6 13. Kb1 Qc7 14.
Bc3 O-O 15. Qe4 Be7 16. h4 b5 17. Ng5 g6 18. Nxe6 Bxe6 19. Bxe6 fxe6 20. Qxe6+
Rf7 21. Rd7 Qc8 22. Rxe7 Nxe7 23. Qe5 Kf8 24. Qh8+ Ng8 25. Bb4+ Re7 26. Re1
Raa7 27. Re4 Kf7 28. Rf4+ Ke6 29. Qd4 Qc7 30. Qe4+ Kd7 31. Qd5+ Ke8 32. Qxg8+
Kd7 33. Bxe7 1-0

[Event "2014 Over 1800"]
[Site "Edmonton"]
[Date "2014.08.30"]
[Round "3"]
[White "Briones, Dante"]
[Black "Pedersen, Rick"]
[Result "1-0"]
[WhiteElo "1982"]
[BlackElo "1854"]
[PlyCount "75"]
[EventDate "2014.08.30"]
[EventType "swiss"]
[EventRounds "5"]
[EventCountry "CAN"]

1. e4 d6 2. d4 Nf6 3. Nc3 g6 4. Be3 Nc6 5. f3 a6 6. Qd2 e5 7. d5 Ne7 8. Bd3 Nd7
9. Nge2 f5 10. g3 c5 11. dxc6 bxc6 12. Bc4 Nf6 13. O-O-O fxe4 14. Nxe4 Nf5 15.
Bg5 Be7 16. Bxf6 Bxf6 17. Nxd6+ Ke7 18. Nxc8+ Qxc8 19. Bb3 Qc7 20. Kb1 Rhd8 21.
Qc3 c5 22. Qc4 Rd6 23. Qf7+ Kd8 24. Qf8+ Kd7 25. Ba4+ Ke6 26. Qxa8 e4 27. Qxe4+
Kf7 28. Bb3+ Kg7 29. Rxd6 Nxd6 30. Qd5 c4 31. Ba4 Qb6 32. c3 Nf5 33. Qxc4 Qe3
34. Qe4 Qb6 35. Rd1 Ne7 36. h4 Nf5 37. Bb3 Ne3 38. Rd7+ 1-0

[Event "2014 Over 1800"]
[Site "Edmonton"]
[Date "2014.08.30"]
[Round "3"]
[White "Cheng, Louis"]
[Black "Young, Joseph"]
[Result "1/2-1/2"]
[WhiteElo "2093"]
[BlackElo "1817"]
[PlyCount "83"]
[EventDate "2014.08.30"]
[EventType "swiss"]
[EventRounds "5"]
[EventCountry "CAN"]

1. e4 c6 2. Nf3 e6 3. d4 g6 4. Nc3 d5 5. Be2 Bg7 6. Bf4 Ne7 7. Qd2 Nd7 8. Bh6
O-O 9. h4 b5 10. h5 b4 11. Bxg7 Kxg7 12. hxg6 h5 13. Rxh5 Rh8 14. Rh7+ Rxh7 15.
gxh7 bxc3 16. Qg5+ Kh8 17. Ne5 Qf8 18. Nxd7 Bxd7 19. Qf6+ Kxh7 20. e5 Ng6 21.
O-O-O cxb2+ 22. Kb1 Qg7 23. Rh1+ Kg8 24. Qg5 c5 25. f4 cxd4 26. Bd3 a6 27. Rh6
Be8 28. g4 a5 29. a3 a4 30. Kxb2 Rb8+ 31. Kc1 Ra8 32. Kd2 Rb8 33. Kc1 Kf8 34.
Rh5 Bb5 35. Bxb5 Ne7 36. Bxa4 Qxg5 37. Rxg5 Ra8 38. Bb5 Rxa3 39. f5 exf5 40.
gxf5 Re3 41. f6 Ng6 42. Bc6 1/2-1/2

[Event "2014 Over 1800"]
[Site "Edmonton"]
[Date "2014.08.30"]
[Round "3"]
[White "Zeggelaar, Mike"]
[Black "MacLeod, Damon"]
[Result "1-0"]
[WhiteElo "1992"]
[BlackElo "1866"]
[PlyCount "39"]
[EventDate "2014.08.30"]
[EventType "swiss"]
[EventRounds "5"]
[EventCountry "CAN"]

1. e4 e5 2. Nf3 Nc6 3. Bc4 Bc5 4. b4 Bxb4 5. c3 Ba5 6. d4 exd4 7. Qb3 d5 8.
exd5 Qe7+ 9. Kd1 Bxc3 10. Nxc3 dxc3 11. Re1 Be6 12. Qxb7 c2+ 13. Kd2 Qb4+ 14.
Qxb4 Nxb4 15. dxe6 O-O-O+ 16. Kc3 c5 17. exf7 Nf6 18. Bg5 Kc7 19. Bxf6 gxf6 20.
a3 1-0

[Event "2014 Over 1800"]
[Site "Edmonton"]
[Date "2014.08.31"]
[Round "4"]
[White "Miller, David"]
[Black "Zeggelaar, Mike"]
[Result "0-1"]
[WhiteElo "2261"]
[BlackElo "1992"]
[PlyCount "70"]
[EventDate "2014.08.30"]
[EventType "swiss"]
[EventRounds "5"]
[EventCountry "CAN"]

1. e4 c5 2. Nf3 d6 3. d4 cxd4 4. Nxd4 Nf6 5. Nc3 g6 6. Be2 Bg7 7. Be3 O-O 8.
Nb3 Nc6 9. f4 Be6 10. g4 Na5 11. f5 Bc4 12. Bf3 Qc7 13. Qd2 Rac8 14. Bh6 b5 15.
Bxg7 Kxg7 16. Qd4 Nc6 17. Qe3 Ne5 18. g5 Nxf3+ 19. Qxf3 Nh5 20. Rc1 d5 21. Nd2
Qe5 22. Nxc4 Rxc4 23. O-O dxe4 24. Rce1 Qxh2+ 25. Kxh2 exf3 26. Rxf3 gxf5 27.
Rxf5 b4 28. Re4 Rfc8 29. Rxe7 bxc3 30. Rfxf7+ Kg8 31. bxc3 Rh4+ 32. Kg2 Rg4+
33. Kf3 Rxg5 34. Rxh7 Ng7 35. Kf4 Rf5+ 0-1

[Event "2014 Over 1800"]
[Site "Edmonton"]
[Date "2014.08.31"]
[Round "4"]
[White "Sequillion, Aaron"]
[Black "Cheng, Louis"]
[Result "1/2-1/2"]
[WhiteElo "2184"]
[BlackElo "2093"]
[PlyCount "159"]
[EventDate "2014.08.30"]
[EventType "swiss"]
[EventRounds "5"]
[EventCountry "CAN"]

1. e4 c5 2. Nf3 d6 3. d4 cxd4 4. Nxd4 g6 5. Nc3 Bg7 6. Be3 Nf6 7. f3 Nc6 8. Bc4
O-O 9. Qd2 Qa5 10. O-O-O Nxd4 11. Bxd4 Be6 12. Bxe6 fxe6 13. h4 Nh5 14. Bxg7
Kxg7 15. Kb1 Qe5 16. Qg5 Qxg5 17. hxg5 Kg8 18. e5 d5 19. Nb5 Ng7 20. Nd4 Rac8
21. Rh3 Rf7 22. Rdh1 Nh5 23. Nxe6 Rf5 24. g4 Rxe5 25. gxh5 Rxe6 26. hxg6 Rxg6
27. Rxh7 Rc7 28. f4 d4 29. b3 a5 30. R1h5 Rd7 31. f5 Rxg5 32. Rh8+ Kg7 33.
Rxg5+ Kxh8 34. Kc1 Rd5 35. Rg4 b5 36. Kd2 Rxf5 37. Rxd4 Kg7 38. Rd7 Kf6 39. Ra7
b4 40. Kd3 Rc5 41. Kd4 Rh5 42. Ra6+ e6 43. c4 bxc3 44. Kxc3 Rd5 45. a3 Kf5 46.
Kc4 Ke5 47. Rb6 Kf5 48. a4 Ke5 49. Rb5 Kd6 50. Rb6+ Ke5 51. Ra6 Kf5 52. Ra7 Ke5
53. Rf7 Rd4+ 54. Kc5 Rb4 55. Ra7 Rxb3 56. Rxa5 Re3 57. Kb6+ Kd6 58. Rb5 Rc3 59.
a5 Rc6+ 60. Kb7 Rc7+ 61. Kb8 Re7 62. a6 Kc6 63. Rb7 Re8+ 64. Ka7 e5 65. Rb6+
Kc7 66. Rb7+ Kc6 67. Rb8 Re7+ 68. Rb7 Re8 69. Rb6+ Kc7 70. Rb1 e4 71. Rc1+ Kd6
72. Kb6 Rb8+ 73. Ka5 Rb2 74. a7 Ra2+ 75. Kb6 e3 76. Rd1+ Ke5 77. Rd8 Ke4 78.
a8=Q+ Rxa8 79. Rxa8 Kf3 80. Re8 1/2-1/2

[Event "2014 Over 1800"]
[Site "Edmonton"]
[Date "2014.08.31"]
[Round "5"]
[White "MacLeod, Damon"]
[Black "Briones, Dante"]
[Result "1-0"]
[WhiteElo "1866"]
[BlackElo "1982"]
[PlyCount "53"]
[EventDate "2014.08.30"]
[EventType "swiss"]
[EventRounds "5"]
[EventCountry "CAN"]

1. e4 c5 2. Nf3 d6 3. Bb5+ Bd7 4. Bxd7+ Nxd7 5. O-O e6 6. c4 Ngf6 7. Nc3 Be7 8.
d4 cxd4 9. Nxd4 h6 10. Be3 O-O 11. f4 Qb6 12. Rf2 Nc5 13. Qf3 Qb4 14. Rc2 Qxc4
15. Nd5 exd5 16. Rxc4 dxc4 17. Nf5 Rfe8 18. Nxd6 Bxd6 19. e5 Bf8 20. exf6 Nd3
21. fxg7 Bxg7 22. Qg3 Rad8 23. Bd2 Kh7 24. Bc3 Bf8 25. h3 Re2 26. Qg4 Bc5+ 27.
Kh2 1-0

[Event "2014 Over 1800"]
[Site "Edmonton"]
[Date "2014.08.31"]
[Round "5"]
[White "Pedersen, Rick"]
[Black "Miller, David"]
[Result "0-1"]
[WhiteElo "1854"]
[BlackElo "2261"]
[PlyCount "110"]
[EventDate "2014.08.30"]
[EventType "swiss"]
[EventRounds "5"]
[EventCountry "CAN"]

1. e4 c5 2. Nf3 d6 3. Nc3 Nf6 4. Bc4 e6 5. e5 dxe5 6. Nxe5 a6 7. a4 Bd6 8. Ng4
Nbd7 9. d3 Nxg4 10. Qxg4 Nf6 11. Qf3 h6 12. Bf4 O-O 13. O-O-O e5 14. Bg3 Bg4
15. Qxb7 Rb8 16. Qxa6 Bc8 17. Qa7 Rb7 18. Qa8 Qb6 19. a5 Qxb2+ 20. Kd2 Bg4 21.
Qa6 Bxd1 22. Rxd1 Be7 23. Rb1 Ne4+ 24. dxe4 Bg5+ 25. Kd3 Rd8+ 26. Bd5 Rxd5+ 27.
exd5 e4+ 28. Kxe4 Qxc2+ 29. Kf3 Qxc3+ 30. Kg4 Qd4+ 31. f4 h5+ 32. Kxg5 Qxd5+
33. Kh4 Rxb1 34. Qc8+ Kh7 35. a6 Qe6 36. Qxe6 fxe6 37. Bf2 c4 38. Bd4 Rb5 39.
a7 Ra5 40. h3 Kg6 41. g4 hxg4 42. hxg4 Kf7 43. Kg3 g6 44. Kf3 Ke7 45. Bb6 Ra6
46. Bc5+ Kd7 47. Ke4 Kc6 48. Be3 Kb5 49. f5 gxf5+ 50. gxf5 exf5+ 51. Kxf5 Kb4
52. Ke4 Kb3 53. Bf2 c3 54. Kd3 c2 55. Be3 Rxa7 0-1

[Event "2014 Over 1800"]
[Site "Edmonton"]
[Date "2014.08.31"]
[Round "5"]
[White "Zeggelaar, Mike"]
[Black "Sequillion, Aaron"]
[Result "0-1"]
[WhiteElo "1992"]
[BlackElo "2184"]
[PlyCount "66"]
[EventDate "2014.08.30"]
[EventType "swiss"]
[EventRounds "5"]
[EventCountry "CAN"]

1. e4 e6 2. d4 d5 3. exd5 exd5 4. Bd3 Bd6 5. Nf3 Bg4 6. O-O Ne7 7. c4 dxc4 8.
Bxc4 O-O 9. Nc3 Nbc6 10. h3 Bxf3 11. Qxf3 Nxd4 12. Qg4 c5 13. Bg5 Qc8 14. Ne4
Qc6 15. Rae1 Ng6 16. f4 Bc7 17. Qh5 b5 18. Bd3 f5 19. Ng3 c4 20. Bb1 h6 21. Rd1
hxg5 22. Rxd4 Nxf4 23. Rfxf4 Bxf4 24. Nxf5 Rxf5 25. Bxf5 Be3+ 26. Kh1 Bxd4 27.
Qh7+ Kf7 28. Be4 Qf6 29. Qh5+ Kf8 30. Qh8+ Ke7 31. Qxa8 Qf1+ 32. Kh2 Bg1+ 33.
Kg3 Qf4# 0-1

[Event "2014 Under 1800"]
[Site "Edmonton"]
[Date "2014.08.30"]
[Round "1"]
[White "Das, Prakash"]
[Black "Burn, Johnny"]
[Result "1/2-1/2"]
[WhiteElo "1453"]
[BlackElo "1632"]
[PlyCount "99"]
[EventDate "2014.08.30"]
[EventType "swiss"]
[EventRounds "5"]
[EventCountry "CAN"]

1. Nf3 d5 2. d4 Bg4 3. Ne5 Bf5 4. c4 e6 5. Qb3 Nc6 6. Nxc6 bxc6 7. Nd2 Nf6 8.
Nf3 Qb8 9. Qxb8+ Rxb8 10. c5 Nd7 11. e3 e5 12. Nxe5 Nxe5 13. dxe5 Bxc5 14. a3
Bc2 15. Be2 O-O 16. Kd2 Bb3 17. Bd1 d4 18. Bxb3 Rxb3 19. Kc2 Rfb8 20. Rd1 dxe3
21. f4 e2 22. Re1 Be3 23. Rxe2 Bxc1 24. Kxc1 Kf8 25. Rb1 Ke7 26. Rc2 Kd7 27.
Rc4 a6 28. Kc2 Re3 29. Rd1+ Kc8 30. b4 Rxa3 31. Rb1 Ra2+ 32. Rb2 Rxb2+ 33. Kxb2
Kd7 34. Kc3 Rb6 35. g4 Ke6 36. Rc5 g6 37. Kc4 h5 38. h3 h4 39. Kc3 Kd7 40. Ra5
Ke6 41. Rc5 Ke7 42. Ra5 Kd7 43. Rc5 Rb5 44. Kc4 Rb7 45. Ra5 Rb6 46. Rc5 Ke6 47.
Ra5 Kd7 48. Kc3 Ke7 49. Rc5 Kd7 50. Ra5 1/2-1/2

[Event "2014 Under 1800"]
[Site "Edmonton"]
[Date "2014.08.30"]
[Round "1"]
[White "Kadavil, Suresh"]
[Black "Seehagen, Terry"]
[Result "0-1"]
[WhiteElo "1606"]
[BlackElo "1769"]
[PlyCount "50"]
[EventDate "2014.08.30"]
[EventType "swiss"]
[EventRounds "5"]
[EventCountry "CAN"]

1. b4 e5 2. Bb2 Bxb4 3. Bxe5 Nf6 4. c4 Nc6 5. Bb2 Ne4 6. Bxg7 Rg8 7. Bb2 d6 8.
e3 Bg4 9. Nf3 Bh5 10. h4 Qe7 11. a3 Ba5 12. g3 O-O-O 13. Bg2 Ne5 14. Bxe5 dxe5
15. Ke2 Nxg3+ 16. fxg3 Rxg3 17. Kf2 Rdg8 18. Rg1 Bxf3 19. Qxf3 Rxf3+ 20. Kxf3
Qxh4 21. d3 Rg3+ 22. Ke2 Qg4+ 23. Kf2 Be1+ 24. Kxe1 Rxg2 25. Rf1 Qe2# 0-1

[Event "2014 Under 1800"]
[Site "Edmonton"]
[Date "2014.08.30"]
[Round "1"]
[White "Koperski, Dustin"]
[Black "McLeod, Logan"]
[Result "1-0"]
[WhiteElo "1716"]
[BlackElo "1566"]
[PlyCount "88"]
[EventDate "2014.08.30"]
[EventType "swiss"]
[EventRounds "5"]
[EventCountry "CAN"]

1. e4 c5 2. d4 cxd4 3. c3 dxc3 4. Nxc3 Nc6 5. Nf3 d6 6. Bc4 e6 7. O-O Nf6 8.
Qe2 Be7 9. Rd1 Qc7 10. Nb5 Qb8 11. Bf4 e5 12. Bg5 a6 13. Nc3 b5 14. Bb3 O-O 15.
Rac1 Bb7 16. Nd5 Nxd5 17. exd5 Bxg5 18. dxc6 Bxc1 19. cxb7 Qxb7 20. Rxc1 Rac8
21. Rd1 Qe7 22. h3 Kh8 23. Qe3 Rc5 24. Nd4 Qf6 25. Nc2 a5 26. Qe4 Qe7 27. Ne3
g6 28. Nd5 Qb7 29. Qh4 f5 30. Nf6 Qg7 31. Rxd6 g5 32. Qh5 Rxf6 33. Rd8+ Rf8 34.
Qe8 Rc1+ 35. Kh2 Rc4 36. Qxf8+ Qxf8 37. Rxf8+ Kg7 38. Bxc4 Kxf8 39. Bxb5 Ke7
40. f3 f4 41. Kg1 Kd6 42. Kf2 Kd5 43. Ke2 e4 44. fxe4+ Kxe4 1-0

[Event "2014 Under 1800"]
[Site "Edmonton"]
[Date "2014.08.30"]
[Round "1"]
[White "Mo, Michelle"]
[Black "Burn, Jina"]
[Result "0-1"]
[WhiteElo "1554"]
[BlackElo "1690"]
[PlyCount "82"]
[EventDate "2014.08.30"]
[EventType "swiss"]
[EventRounds "5"]
[EventCountry "CAN"]

1. e4 c5 2. Nf3 Nc6 3. d3 g6 4. Be2 Bg7 5. c3 d5 6. exd5 Qxd5 7. c4 Qd8 8. O-O
Nf6 9. Bf4 O-O 10. Nc3 a6 11. Qd2 Re8 12. Rfe1 e5 13. Bg5 Qd6 14. Bd1 Bf5 15.
Bc2 Nb4 16. Rad1 Rad8 17. Re3 Rd7 18. Ne1 Ng4 19. Rg3 Qe6 20. Ba4 Nc6 21. Nd5
e4 22. dxe4 Bxe4 23. h3 Nge5 24. Re3 Nxc4 25. Rxe4 Qxe4 26. Nf6+ Bxf6 27. Qxd7
Bxg5 28. Qg4 Qxg4 29. hxg4 b5 30. Bb3 Nxb2 31. Rb1 c4 32. Bc2 Nd4 33. Rxb2
Rxe1+ 34. Kh2 Re2 35. a4 Rxc2 36. Rb1 Rxf2 37. Kg1 Ra2 38. axb5 axb5 39. Kf1
Be3 40. Ke1 Rxg2 41. Kd1 Rg1# 0-1

[Event "2014 Under 1800"]
[Site "Edmonton"]
[Date "2014.08.30"]
[Round "2"]
[White "Burn, Johnny"]
[Black "Pisanski, Piotr"]
[Result "0-1"]
[WhiteElo "1632"]
[BlackElo "1670"]
[PlyCount "140"]
[EventDate "2014.08.30"]
[EventType "swiss"]
[EventRounds "5"]
[EventCountry "CAN"]

1. e4 e5 2. Nf3 Nc6 3. d4 exd4 4. Nxd4 Bc5 5. Nxc6 Qf6 6. Qd2 bxc6 7. Bd3 Ne7
8. O-O O-O 9. Qf4 Qxf4 10. Bxf4 Bb6 11. Nd2 f5 12. Bg5 Rf7 13. Nc4 fxe4 14.
Nxb6 cxb6 15. Bxe4 d5 16. Bd3 Bf5 17. Bxf5 Nxf5 18. Rfe1 h6 19. Bd2 Re7 20.
Rxe7 Nxe7 21. Re1 Kf7 22. g4 c5 23. h4 Nc6 24. c3 b5 25. b4 cxb4 26. cxb4 d4
27. a3 Rd8 28. f4 Rd5 29. Kf2 h5 30. g5 Ne7 31. Kf3 Nf5 32. Re5 Nxh4+ 33. Ke4
Rxe5+ 34. fxe5 Ke6 35. Bf4 Ng6 36. Bh2 d3 37. Kxd3 Nxe5+ 38. Ke4 Nc4 39. Bg1 a6
40. Bd4 g6 41. Bf6 Nxa3 42. Bb2 Nc4 43. Bc3 Nb6 44. Bd4 Nd7 45. Bc3 Nf8 46. Bd2
Nd7 47. Bf4 Nb6 48. Bd2 Nc4 49. Bc3 Nd6+ 50. Kf4 Kd5 51. Be5 Nb7 52. Bc3 Kc4
53. Be1 Kd4 54. Bf2+ Kd5 55. Be1 Nd8 56. Bd2 Ne6+ 57. Kg3 Ke5 58. Bc1 Kf5 59.
Kh4 Nd4 60. Be3 Nf3+ 61. Kh3 Nxg5+ 62. Bxg5 Kxg5 63. Kg3 Kf5 64. Kf3 h4 65. Kg2
Ke4 66. Kh3 g5 67. Kg2 Kd4 68. Kf3 Kc4 69. Kg4 Kxb4 70. Kxg5 h3 0-1

[Event "2014 Under 1800"]
[Site "Edmonton"]
[Date "2014.08.30"]
[Round "2"]
[White "McLeod, Logan"]
[Black "Mo, Michelle"]
[Result "0-1"]
[WhiteElo "1566"]
[BlackElo "1554"]
[PlyCount "74"]
[EventDate "2014.08.30"]
[EventType "swiss"]
[EventRounds "5"]
[EventCountry "CAN"]

1. e4 c5 2. d4 cxd4 3. c3 dxc3 4. Nxc3 e5 5. Nf3 d6 6. Bc4 Be7 7. O-O Nf6 8.
Qe2 O-O 9. Bg5 h6 10. Be3 b6 11. Rfd1 Bb7 12. Nxe5 Qc8 13. Ng6 Re8 14. Nxe7+
Rxe7 15. f3 Qd8 16. Rac1 Nc6 17. Nb5 Rd7 18. Bf4 Ne5 19. Nxd6 Nxc4 20. Qxc4 Ne8
21. Nxf7 Rxd1+ 22. Rxd1 Qxd1+ 23. Kf2 Bd5 24. Nxh6+ gxh6 25. exd5 h5 26. d6+
Kh8 27. Qe4 Rc8 28. Be5+ Ng7 29. Qg6 Qd2+ 30. Kg3 Qe1+ 31. Kf4 Rc4+ 32. Qe4
Rxe4+ 33. fxe4 Qd2+ 34. Kf3 Kg8 35. Bxg7 Kxg7 36. e5 Kf7 37. Ke4 Ke6 0-1

[Event "2014 Under 1800"]
[Site "Edmonton"]
[Date "2014.08.30"]
[Round "3"]
[White "Duggan, Kyle"]
[Black "Burn, Johnny"]
[Result "0-1"]
[WhiteElo "1593"]
[BlackElo "1632"]
[PlyCount "48"]
[EventDate "2014.08.30"]
[EventType "swiss"]
[EventRounds "5"]
[EventCountry "CAN"]

1. d4 Nf6 2. c4 d5 3. Nf3 Bg4 4. Bf4 Bxf3 5. gxf3 e6 6. Nc3 Bd6 7. Bg5 h6 8.
Bh4 g5 9. Bg3 Bxg3 10. hxg3 Nc6 11. e4 dxc4 12. e5 Nd5 13. Bxc4 Nb6 14. Bb5 Qd7
15. Ne4 O-O-O 16. Nf6 Qxd4 17. Qxd4 Nxd4 18. Bd3 Nxf3+ 19. Ke2 Nxe5 20. Rhd1
Nxd3 21. Rxd3 Rxd3 22. Kxd3 Rd8+ 23. Ke4 Rd2 24. Ng4 f5+ 0-1

[Event "2014 Under 1800"]
[Site "Edmonton"]
[Date "2014.08.30"]
[Round "3"]
[White "Koperski, Dustin"]
[Black "Pisanski, Piotr"]
[Result "0-1"]
[WhiteElo "1716"]
[BlackElo "1670"]
[PlyCount "44"]
[EventDate "2014.08.30"]
[EventType "swiss"]
[EventRounds "5"]
[EventCountry "CAN"]

1. e4 e5 2. Nf3 Nc6 3. Bc4 Nf6 4. Ng5 d5 5. exd5 Na5 6. Bb5+ c6 7. dxc6 bxc6 8.
Qf3 Qc7 9. Bd3 Bc5 10. O-O O-O 11. Ne4 Nxe4 12. Qxe4 f5 13. Qh4 Rf6 14. Bc4+
Kh8 15. d3 f4 16. Qh5 Nxc4 17. dxc4 Rg6 18. Qf3 Bg4 19. Qc3 e4 20. b4 Bf3 21.
Re1 Rxg2+ 22. Kf1 Rxf2+ 0-1